GATE 2017 MECHANICAL ENGINEERING: (Record no. 5472)

MARC details
000 -LEADER
fixed length control field 00348nam a22001217a 4500
005 - DATE AND TIME OF LATEST TRANSACTION
control field 20170620151748.0
008 - FIXED-LENGTH DATA ELEMENTS--GENERAL INFORMATION
fixed length control field 170620b xxu||||| |||| 00| 0 eng d
041 ## - LANGUAGE CODE
Language code of text/sound track or separate title eng
245 ## - TITLE STATEMENT
Title GATE 2017 MECHANICAL ENGINEERING:
Remainder of title objective question (topicwise previous years GATEsolved questions)
260 ## - PUBLICATION, DISTRIBUTION, ETC. (IMPRINT)
Name of publisher ENGINEERS ACADEMY
300 ## - PHYSICAL DESCRIPTION
Number of Pages 560
942 ## - ADDED ENTRY ELEMENTS (KOHA)
Koha item type Books
Holdings
Lost status Damaged status Collection code Home library Current library Shelving location Date acquired Source of acquisition Cost, normal purchase price Accession Number Koha item type
    Reference JRU Library   SHELF -72- G 20/06/2017 DONATION 450.00 21814 Books